000 01456nam a2200217 a 4500
001 001173392
003 AM-YeHGA
005 20250617152634.0
008 160905s1978 ru 000 0 rus d
040 _aAM-YeHGA
041 0 _arus
245 0 0 _aМетоды оптимального планирования добычи нефти :
_bМатериалы выездной сессии Научного совета по проблемам разработки нефтяных месторождений АН СССР и Научно-технического совета М-ва нефтяной промышленности, проходившей в июне 1976 г. в г. Тюмени /
_cАН СССР, Ин-т геологии и разраб. горючих ископаемых; Отв. ред.: Н.М. Николаевский, Ю.П. Желтов.
260 _aМосква :
_bНаука,
_c1978.
300 _a317 с. :
_bил.
504 _aБиблиогр.: в конце статей
653 0 _aНефтедобывающая промышленность - Планирование - Математические методы
700 1 _aНиколаевский, Николай Матвеевич
_eред.
_4edt
700 1 _aЖелтов, Юрий Петрович
_eред.
_4edt
710 2 _aИнститут геологии и разработки горючих ископаемых АН СССР
090 _c376567
999 _c374683
_d374683